000 00560nam a2200193Ia 4500
008 191130s2003##################000#0#eng##
020 _a9780072831566
040 _aACL
_cACL
082 _a658.7 BUR
100 _aBurt, David N
245 _aWorld class supply management
_cDavid N. Burt, Donald W. Dobler, Stephen Starling
260 _aNew York
_bMcGraw-Hill Irwin
_cc2003
300 _axlvi, 689p. ill. ; 24cm
500 _aIncludes index
650 _aManagement
990 _ac1e1f5deac10000c54b9fee8f8c3dd2b
991 _a114006
999 _c99328
_d99328